<?xml version="1.0" encoding="UTF-8"?>
<record
    xmlns:xsi="http://www.w3.org/2001/XMLSchema-instance"
    xsi:schemaLocation="http://www.loc.gov/MARC21/slim http://www.loc.gov/standards/marcxml/schema/MARC21slim.xsd"
    xmlns="http://www.loc.gov/MARC21/slim">

  <leader>01191cam a2200253 i 4500</leader>
  <controlfield tag="003">SA-RiAUC</controlfield>
  <controlfield tag="005">20241006062532.0</controlfield>
  <controlfield tag="008">241005s1986    su     g      000r0bara c</controlfield>
  <datafield tag="040" ind1=" " ind2=" ">
    <subfield code="a">SA-RiAUC</subfield>
    <subfield code="b">ara</subfield>
    <subfield code="c">SA-RiAUC</subfield>
    <subfield code="e">rda</subfield>
  </datafield>
  <datafield tag="043" ind1=" " ind2=" ">
    <subfield code="a">a-su---</subfield>
  </datafield>
  <datafield tag="082" ind1="0" ind2="4">
    <subfield code="a">928.1</subfield>
  </datafield>
  <datafield tag="090" ind1=" " ind2=" ">
    <subfield code="a">928.1</subfield>
    <subfield code="b">&#x622; &#x644; &#x627;</subfield>
  </datafield>
  <datafield tag="100" ind1="1" ind2=" ">
    <subfield code="a">&#x622;&#x644; &#x625;&#x633;&#x645;&#x627;&#x639;&#x64A;&#x644;&#x60C; &#x645;&#x62D;&#x645;&#x62F; &#x628;&#x646; &#x639;&#x628;&#x62F; &#x627;&#x644;&#x631;&#x62D;&#x645;&#x646; &#x628;&#x646; &#x62D;&#x633;&#x64A;&#x646;&#x60C;</subfield>
    <subfield code="d">1372 &#x647;&#x62C;&#x631;&#x64A;-</subfield>
    <subfield code="e">&#x645;&#x624;&#x644;&#x641;.</subfield>
  </datafield>
  <datafield tag="245" ind1="1" ind2="2">
    <subfield code="a">&#x627;&#x644;&#x634;&#x64A;&#x62E; &#x645;&#x62D;&#x645;&#x62F; &#x628;&#x646; &#x625;&#x628;&#x631;&#x627;&#x647;&#x64A;&#x645; &#x622;&#x644; &#x627;&#x644;&#x634;&#x64A;&#x62E; &#x648;&#x623;&#x62B;&#x631; &#x645;&#x62F;&#x631;&#x633;&#x62A;&#x647; &#x641;&#x64A; &#x627;&#x644;&#x646;&#x647;&#x636;&#x629; &#x627;&#x644;&#x639;&#x644;&#x645;&#x64A;&#x629; &#x648;&#x627;&#x644;&#x623;&#x62F;&#x628;&#x64A;&#x629; &#x641;&#x64A; &#x627;&#x644;&#x628;&#x644;&#x627;&#x62F; &#x627;&#x644;&#x633;&#x639;&#x648;&#x62F;&#x64A;&#x629; /</subfield>
    <subfield code="c">&#x62A;&#x623;&#x644;&#x64A;&#x641; &#x645;&#x62D;&#x645;&#x62F; &#x628;&#x646; &#x639;&#x628;&#x62F; &#x627;&#x644;&#x631;&#x62D;&#x645;&#x646; &#x622;&#x644; &#x625;&#x633;&#x645;&#x627;&#x639;&#x64A;&#x644;.</subfield>
  </datafield>
  <datafield tag="264" ind1=" " ind2="1">
    <subfield code="a">&#x627;&#x644;&#x631;&#x64A;&#x627;&#x636; :</subfield>
    <subfield code="b">&#x645;&#x62D;&#x645;&#x62F; &#x628;&#x646; &#x639;&#x628;&#x62F; &#x627;&#x644;&#x631;&#x62D;&#x645;&#x646; &#x622;&#x644; &#x625;&#x633;&#x645;&#x627;&#x639;&#x64A;&#x644;&#x60C;</subfield>
    <subfield code="c">[1986]</subfield>
  </datafield>
  <datafield tag="300" ind1=" " ind2=" ">
    <subfield code="a">71 &#x635;&#x641;&#x62D;&#x629; &#x61B;</subfield>
    <subfield code="c">24 &#x633;&#x645;</subfield>
  </datafield>
  <datafield tag="336" ind1=" " ind2=" ">
    <subfield code="a">&#x646;&#x635;</subfield>
    <subfield code="b">txt</subfield>
    <subfield code="2">rdacontent</subfield>
    <subfield code="3">&#x643;&#x62A;&#x627;&#x628;</subfield>
  </datafield>
  <datafield tag="337" ind1=" " ind2=" ">
    <subfield code="a">&#x628;&#x62F;&#x648;&#x646; &#x648;&#x633;&#x64A;&#x637;</subfield>
    <subfield code="b">n</subfield>
    <subfield code="2">rdamedia</subfield>
  </datafield>
  <datafield tag="338" ind1=" " ind2=" ">
    <subfield code="a">&#x645;&#x62C;&#x644;&#x62F;</subfield>
    <subfield code="b">nc</subfield>
    <subfield code="2">rdacarrier</subfield>
  </datafield>
  <datafield tag="600" ind1="1" ind2="7">
    <subfield code="a">&#x622;&#x644; &#x627;&#x644;&#x634;&#x64A;&#x62E;&#x60C; &#x645;&#x62D;&#x645;&#x62F; &#x628;&#x646; &#x625;&#x628;&#x631;&#x627;&#x647;&#x64A;&#x645; &#x628;&#x646; &#x639;&#x628;&#x62F; &#x627;&#x644;&#x644;&#x637;&#x64A;&#x641;&#x60C;</subfield>
    <subfield code="d">1311-1389 &#x647;&#x62C;&#x631;&#x64A;</subfield>
    <subfield code="2">aucnm</subfield>
  </datafield>
  <datafield tag="650" ind1=" " ind2="7">
    <subfield code="a">&#x627;&#x644;&#x623;&#x62F;&#x628;&#x627;&#x621; &#x627;&#x644;&#x639;&#x631;&#x628;</subfield>
    <subfield code="z">&#x627;&#x644;&#x633;&#x639;&#x648;&#x62F;&#x64A;&#x629;</subfield>
    <subfield code="v">&#x62A;&#x631;&#x627;&#x62C;&#x645;</subfield>
    <subfield code="2">aucsh</subfield>
  </datafield>
  <datafield tag="942" ind1=" " ind2=" ">
    <subfield code="2">ddc</subfield>
    <subfield code="c">BOOK</subfield>
    <subfield code="n">0</subfield>
  </datafield>
  <datafield tag="949" ind1=" " ind2=" ">
    <subfield code="a">SA-JeALM</subfield>
    <subfield code="d">241005</subfield>
    <subfield code="u">mohamedma123</subfield>
    <subfield code="n">1</subfield>
  </datafield>
  <datafield tag="952" ind1=" " ind2=" ">
    <subfield code="0">0</subfield>
    <subfield code="1">0</subfield>
    <subfield code="2">ddc</subfield>
    <subfield code="4">0</subfield>
    <subfield code="7">0</subfield>
    <subfield code="a">WAHAB</subfield>
    <subfield code="b">WAHAB</subfield>
    <subfield code="d">2024-10-06</subfield>
    <subfield code="l">0</subfield>
    <subfield code="o">928.1 &#x622; &#x644; &#x627;</subfield>
    <subfield code="p">000001200</subfield>
    <subfield code="r">2024-10-06 06:28:11</subfield>
    <subfield code="w">2024-10-06</subfield>
    <subfield code="y">BOOK</subfield>
  </datafield>
  <datafield tag="952" ind1=" " ind2=" ">
    <subfield code="0">0</subfield>
    <subfield code="1">0</subfield>
    <subfield code="2">ddc</subfield>
    <subfield code="4">0</subfield>
    <subfield code="7">0</subfield>
    <subfield code="a">WAHAB</subfield>
    <subfield code="b">WAHAB</subfield>
    <subfield code="d">2024-10-06</subfield>
    <subfield code="l">0</subfield>
    <subfield code="o">928.1 &#x622; &#x644; &#x627;</subfield>
    <subfield code="p">000001201</subfield>
    <subfield code="r">2024-10-06 06:28:11</subfield>
    <subfield code="w">2024-10-06</subfield>
    <subfield code="y">BOOK</subfield>
  </datafield>
  <datafield tag="952" ind1=" " ind2=" ">
    <subfield code="0">0</subfield>
    <subfield code="1">0</subfield>
    <subfield code="2">ddc</subfield>
    <subfield code="4">0</subfield>
    <subfield code="7">0</subfield>
    <subfield code="a">WAHAB</subfield>
    <subfield code="b">WAHAB</subfield>
    <subfield code="d">2025-07-23</subfield>
    <subfield code="l">0</subfield>
    <subfield code="o">928.1 &#x622; &#x644; &#x627;</subfield>
    <subfield code="p">000016567</subfield>
    <subfield code="r">2025-07-23 06:09:23</subfield>
    <subfield code="w">2025-07-23</subfield>
    <subfield code="y">BOOK</subfield>
  </datafield>
  <datafield tag="999" ind1=" " ind2=" ">
    <subfield code="c">896</subfield>
    <subfield code="d">896</subfield>
  </datafield>
</record>
